[Event "Bangkok op 12th"]
[Site "Bangkok"]
[Date "2012.04.15"]
[Round "5"]
[White "Gustafsson, Jan"]
[Black "Venkatesh, Marani Rajendran"]
[Result "0-1"]
[WhiteElo "2642"]
[BlackElo "2509"]
[Annotator "CB"]
[PlyCount "84"]
[EventDate "2012.04.13"]
[EventType "swiss"]
[EventRounds "9"]
[EventCountry "THA"]
[SourceTitle "CBM 148 Extra"]
[Source "ChessBase"]
[SourceDate "2012.06.22"]
[SourceVersion "1"]
[SourceVersionDate "2012.06.22"]
[SourceQuality "1"]

1. d4 Nf6 2. c4 e6 3. Nf3 d5 4. Nc3 Bb4 5. cxd5 exd5 6. Bg5 Nbd7 7. e3 c5 8.
dxc5 (8. Bd3) (8. Qc2) 8... Qa5 9. Rc1 O-O ({Gebräuchlicher ist} 9... Bxc3+
10. bxc3 O-O 11. Nd4 Ne4 (11... Qxc5 12. Bd3 Re8 13. O-O Ne4 14. Bf4 Ne5 15.
Bxe5 Rxe5 16. c4 Nf6 17. Qb3 Re7 18. Rfd1 Bg4 19. f3 Be6 20. cxd5 Qxd5 21. Bc4
$16 {1-0 (42) Jakovenko,D (2729)-Fressinet,L (2693) Plovdiv 2012}) 12. Bf4 Re8
13. Be2 Qxc5 14. O-O Nb6 15. Bd3 Bd7 16. f3 Nf6 17. Bg5 Qd6 18. Qe1 h6 19. Bf4
Qe7 20. Qh4 Nc4 21. e4 Nb2 22. Bc2 dxe4 23. fxe4 Nc4 24. Bxh6 Nxe4 25. Qh5 Nf6
26. Rxf6 Qxf6 27. Bh7+ Kf8 28. Bg5 Re5 29. Bf5 g6 30. Qh4 Qxg5 31. Qxg5 Bxf5
32. Qh4 {1-0 (32) Gustafsson,J (2633)-Efimenko,Z (2702) Porto Carras 2011}) 10.
a3 $5 {Dieser Zug hat bei 18 Partien mit 83% Erfolg eine Riesenquote für
Weiß.} (10. Nd2 b6 11. c6 d4 12. cxd7 dxc3 13. bxc3 Bxc3 14. Bxf6 gxf6 15.
dxc8=Q (15. Bd3 Bxd7 16. Rc2 Rfd8 17. O-O Bxd2 18. Rxd2 Bf5 19. e4 Be6 20. e5
f5 21. Qe2 Rd4 22. Qe3 Rad8 23. Qg5+ Kf8 24. Qh6+ Ke8 25. Qf6 Rxd3 26. Qh8+ Ke7
27. Qf6+ Ke8 {1/2-1/2 (27) Bacrot,E (2705)-Carlsen,M (2698) Cap d'Agde 2006})
15... Raxc8 16. Bc4 $5 Rxc4 17. O-O Rh4 18. Nb3 $14) 10... Bxc3+ 11. Rxc3 Ne4
12. b4 Nxc3 (12... Qc7 13. Rc1 Nxg5 14. Nxg5 {Weiß hat einen Bauern mehr.})
13. Qa1 (13. Qb3 $2 Nxc5 14. Qxc3 Ne4 $17) 13... Qa4 14. Qxc3 a5 15. b5 Nxc5 (
15... Re8 $5) 16. Qxc5 Bf5 {Hier steht der Läufer viel aktiver als auf e6.} (
16... Be6 17. Qc1 Rfc8 18. Qa1 Qc2 19. Be2 Qc1+ 20. Qxc1 Rxc1+ 21. Bd1 Ra1 22.
a4 Rc8 23. Nd4 Rc4 24. O-O f6 25. Bf4 Bf7 26. h4 {1-0 (26) Topalov,V (2783)
-Carlsen,M (2690) Wijk aan Zee 2007}) (16... Bd7 17. Be2 Rfc8 18. Qxd5 Rc1+ 19.
Bd1 Qxb5 20. Qxb5 Bxb5 21. Nd4 Bd7 22. O-O Rac8 23. Bf3 Kf8 24. Bxb7 R8c3 25.
a4 Bxa4 26. Bd8 Bb3 27. Nxb3 Rxf1+ 28. Kxf1 a4 29. Nd4 Rc5 30. Bb6 Re5 31. Ba6
a3 32. Bc4 {1-0 (32) Wang Yue (2703)-Movsesian,S (2670) Pamplona 2007}) 17. Be2
$6 (17. Qc1 Rfc8 18. Qa1 Bb1 19. Qxb1 Qxa3 20. Kd2 Qb4+ 21. Qxb4 axb4 22. Be2
Ra2+ 23. Kd3 Rc3+ 24. Kd4 Rxe2 25. Rb1 Rxf2 26. Rxb4 Rcc2 27. Kxd5 Rxg2 28. Bf4
f6 29. Nd4 Rgd2 30. Ra4 Rc3 31. h4 b6 32. Ra8+ Kf7 33. Ra7+ Kg8 34. Rc7 Rxc7
35. Bxc7 g5 36. hxg5 fxg5 37. Bxb6 g4 38. Bc7 h5 39. b6 Rb2 40. Ke4 {1-0 (40)
Lysyj,I (2627)-Nakhapetian,P (2467) Moscow 2010}) (17. Qc3 Rac8 18. Qa1 Bb1 19.
Qxb1 Qxa3 20. Kd2 Qc3+ 21. Kd1 a4 22. Bd3 a3 23. Ke2 h6 24. Be7 Rfe8 25. Qb4
Rxe7 26. Qxe7 Qb2+ 27. Nd2 a2 28. Qxb7 Rf8 29. Qa7 {1-0 (29) Bruno,F (2454)
-Cocchi,A (2323) Saint Vincent 2008}) 17... Rac8 18. Qd4 (18. Qxd5 Rc1+ 19. Bd1
Bc2 20. Ke2 Qxa3 $13) 18... Rc1+ 19. Bd1 Qxb5 20. Qd2 Rfc8 (20... Qc4 $5 21.
Nd4 Bd3 $17) 21. Nd4 Qb1 22. Ne2 $5 (22. O-O Qd3 $11) 22... R1c2 23. Qxa5 b6
24. Qa6 (24. Qa4 h6 25. Bf4 Bd3 26. O-O Rd2 27. e4 $13) 24... h6 25. O-O hxg5
26. Bxc2 $2 ({Nötig war} 26. g4 Bxg4 (26... Bg6 $2 27. Bxc2 Qxc2 28. Rc1 $18)
27. Bxc2 Qxc2 28. Rc1 Qf5 29. Rxc8+ Qxc8 30. Qxc8+ Bxc8 31. Nc3 $15) 26... Qxc2
27. Nd4 (27. Rc1 $2 {scheitert hier natürlich an} Qxc1+ 28. Nxc1 Rxc1+ $19)
27... Bd3 28. Nxc2 ({Nach} 28. Qb7 {folgt} Qc1 $19) 28... Bxa6 29. Nb4 Bxf1 30.
Kxf1 Rc5 31. Ke2 Kf8 32. Kd3 Ke7 33. h3 Kd6 34. Nc2 Rc8 35. Nd4 Rc1 36. Ke2 Ra1
37. Nc2 Rc1 38. Kd2 Rf1 39. Ke2 Rb1 40. Kd2 Kc5 41. Ne1 Kc4 42. Nf3 Rb2+ 0-1

[Event "Vienna op"]
[Site "Vienna"]
[Date "1996.??.??"]
[Round "8"]
[White "Dreev, Alexey"]
[Black "Landa, Konstantin"]
[Result "1/2-1/2"]
[WhiteElo "2645"]
[BlackElo "2570"]
[Annotator "Chekhov,V"]
[PlyCount "84"]
[EventDate "1996.??.??"]
[EventType "swiss"]
[EventRounds "9"]
[EventCountry "AUT"]
[SourceTitle "CBM 053 Extra"]
[Source "ChessBase"]
[SourceDate "1996.09.01"]
[SourceVersion "1"]
[SourceVersionDate "1996.09.01"]
[SourceQuality "1"]

1. d4 d5 2. c4 e6 3. Nf3 Nf6 4. Nc3 Bb4 5. Bg5 h6 6. Bxf6 Qxf6 7. e3 O-O 8. Rc1
c6 9. a3 (9. Bd3 Nd7 10. O-O Qe7 11. a3 Bd6 12. c5 Bc7 13. e4 dxe4 14. Bxe4 e5
$13 {Savchenko,S-Landa,K/Kazan/1995/0,5/29/}) 9... Ba5 (9... Bxc3+ 10. Rxc3 Nd7
11. Qc2 dxc4 12. Bxc4 e5 13. O-O exd4 14. Nxd4 Rd8 15. Ba2 Nf8 16. f4 $36 {
Lobron,E-Benjamin,J/Amsterdam/1994/1|0/56/}) 10. b4 Bc7 11. e4 (11. cxd5 $5
exd5 12. Nxd5 cxd5 13. Rxc7 Nc6 14. b5 Qd6 15. Rxc8 Raxc8 16. bxc6 Qxa3 17. Be2
Rxc6 18. O-O Rfc8 19. Qb1 $14 {Stohl,I-Barlov,D/Biel/1986/0,5/36/}) 11... dxe4
12. Nxe4 Qe7 13. Bd3 a5 14. c5 axb4 15. axb4 e5 16. O-O Bg4 $10 17. Re1 Rd8 (
17... exd4 18. h3 Bxf3 19. Qxf3 Nd7 20. Nd6 $14) 18. dxe5 Qxe5 19. Nxe5 Bxd1
20. Rcxd1 Bxe5 21. Bc4 (21. Nd6 Bxd6 22. cxd6 Kf8 23. Bc4 b5 24. Bb3 Ra3 25.
Rd3 Rd7 $6 (25... Na6 $5 $17) 26. Rde3 g6 27. Re8+ Kg7 28. Bxf7 Kxf7 29. Rxb8
Rxd6 $10) 21... Rxd1 22. Rxd1 Kf8 23. g3 Ra4 24. Rb1 $6 (24. f4 $5 Rxb4 25.
fxe5 Rxc4 26. Rd8+ Ke7 27. Rxb8 Rxe4 28. Rxb7+ Ke6 29. Rc7 Rxe5 30. Rxc6+ $10)
24... Na6 25. Bxa6 bxa6 26. f4 Bd4+ 27. Kg2 Ra2+ $6 (27... f5 $5 28. Nd6 g6 $15
) 28. Kh3 f5 29. Rd1 $1 (29. Nd6 g6 $15) 29... fxe4 30. Rxd4 e3 31. Re4 e2 32.
Kg4 a5 33. bxa5 Rxa5 34. Rxe2 Rxc5 $10 35. f5 Kf7 36. Re6 Rc2 37. h4 Rc5 (37...
c5 $10) 38. Kf4 h5 (38... Rc4+ $10) 39. Kg5 Rc3 40. Kxh5 Rxg3 41. Rxc6 Rg1 42.
Rc4 Kf6 1/2-1/2

[Event "Lone Pine op Louis D. Statham Masters"]
[Site "Lone Pine"]
[Date "1979.03.25"]
[Round "1"]
[White "Miles, Anthony John"]
[Black "Silman, Jeremy D"]
[Result "1-0"]
[WhiteElo "2560"]
[BlackElo "2370"]
[Annotator "ChessBase"]
[PlyCount "77"]
[EventDate "1979.03.25"]
[EventType "swiss"]
[EventRounds "9"]
[EventCountry "USA"]
[SourceTitle "MCL"]
[Source "ChessBase"]
[SourceDate "1999.07.01"]
[SourceVersion "1"]
[SourceVersionDate "1999.07.01"]
[SourceQuality "1"]

1. d4 Nf6 2. Nf3 e6 3. c4 d5 4. Nc3 Bb4 5. Bg5 h6 6. Bxf6 Qxf6 7. e3 O-O 8. Qb3
c5 9. cxd5 exd5 10. a3 Bxc3+ 11. Qxc3 Nd7 $1 12. Be2 c4 $2 (12... b6 $142) 13.
b3 cxb3 14. Qxb3 Qd6 15. Qb4 $1 Qb8 16. O-O Nf6 17. Rfc1 Bg4 18. Rab1 Bf5 19.
Rb3 Rc8 20. Rxc8+ Bxc8 21. Qe7 $1 Bd7 22. Ne5 Qe8 23. Qxe8+ Bxe8 24. Rxb7 Rc8
25. f3 a5 26. Bb5 Rc3 27. a4 Rxe3 28. Ra7 Bxb5 29. axb5 Ra3 30. b6 Rb3 31. b7
Kh7 32. Nc6 Nd7 33. Nxa5 Rb4 34. Ra8 Rb5 35. Rd8 Rxa5 36. Rxd7 Rb5 37. Rxf7 Kg6
38. Rc7 Kf6 39. h4 1-0

[Event "Dresden zt 1.2"]
[Site "Dresden"]
[Date "1998.05.05"]
[Round "7"]
[White "Jussupow, Artur"]
[Black "Milov, Vadim"]
[Result "1/2-1/2"]
[WhiteElo "2630"]
[BlackElo "2635"]
[Annotator "ChessBase"]
[PlyCount "33"]
[EventDate "1998.04.28"]
[EventType "swiss"]
[EventRounds "11"]
[EventCountry "GER"]
[SourceTitle "CBM 065"]
[Source "ChessBase"]
[SourceDate "1998.08.06"]
[SourceVersion "1"]
[SourceVersionDate "1998.08.06"]
[SourceQuality "1"]

1. d4 Nf6 2. Nf3 d5 3. c4 e6 4. Nc3 Nbd7 5. Bg5 Bb4 6. cxd5 exd5 7. e3 c5 8.
Bd3 Qa5 9. O-O c4 10. Bc2 O-O (10... Bxc3 11. bxc3 Ne4 (11... O-O 12. Ne5 Qxc3
13. Nxd7 Nxd7 14. Qb1 Qa3 15. Bxh7+ Kh8 16. Bc2 Nb6 {Kishnev,S-Tischbierek,R/
Bad Woerishofen op 1992/TD 92\03/0-1 (52)}) 12. Bh4 Qxc3 13. Rc1 Qa3 14. Bxe4
dxe4 15. Nd2 O-O 16. Nxe4 $1 $16 {1-0 Gelfand,B-Lautier,J/Belgrade Invest 1991/
CBM 27 [Ftacnik] (26)}) 11. Ne5 Re8 (11... Bxc3 12. bxc3 Ne4 13. Be7 Re8 14.
Bb4 Qc7 15. Nxf7 {1-0 Von Hartlieb,J-Fischdick,G/NRW-I 1992/TD 92\01 (48)}) 12.
Nxd7 Nxd7 13. Ne2 Nf8 14. Nf4 Bd6 15. Nh5 Qc7 16. Qf3 $4 (16. Bh6 $1 {Fritz}
Bxh2+ (16... Ne6 17. Qg4) 17. Kh1 Qc6 18. Bxg7 Bc7 19. e4 Bd8 20. e5 $36) 16...
Ng6 (16... Bxh2+ 17. Kh1 Bd6 18. Bf6 $36) 17. h4 (17. Bf6 Bf8) (17. Qxd5 Bxh2+
18. Kh1 Be6 19. Qf3 Bd6 20. e4 Qd7 $13) 1/2-1/2

[Event "Khanty-Mansiysk FIDE GP (Women)"]
[Site "Khanty-Mansiysk"]
[Date "2014.04.12"]
[Round "4"]
[White "Dzagnidze, Nana"]
[Black "Kosintseva, Tatiana"]
[Result "1-0"]
[WhiteElo "2550"]
[BlackElo "2496"]
[Annotator "ChessBase Website"]
[PlyCount "77"]
[EventDate "2014.04.09"]
[EventType "tourn"]
[EventRounds "11"]
[EventCountry "RUS"]
[EventCategory "10"]
[SourceTitle "CBM 160"]
[Source "ChessBase"]
[SourceDate "2014.05.15"]
[SourceVersion "1"]
[SourceVersionDate "2014.05.15"]
[SourceQuality "1"]
[TimeControl "40/5400+30:1800+30"]
[WhiteClock "1:30:00"]
[BlackClock "1:30:00"]

1. d4 {[%emt 0:00:00]} Nf6 {[%emt 0:00:00]} 2. c4 {[%emt 0:00:00]} e6 {[%emt 0:
00:00]} 3. Nf3 {[%emt 0:00:10]} d5 {[%emt 0:00:00]} 4. Nc3 {[%emt 0:01:29]} Bb4
{[%emt 0:00:17]} 5. Bg5 {[%emt 0:00:30]} Nbd7 {[%emt 0:00:50]} 6. cxd5 {
[%emt 0:00:55]} exd5 {[%emt 0:00:07]} 7. e3 {[%emt 0:00:14]} c5 {[%emt 0:00:18]
} 8. Be2 {[%emt 0:00:59]} Qa5 {[%emt 0:03:01]} 9. O-O {[%emt 0:00:29]} Bxc3 {
[%emt 0:00:22]} 10. bxc3 {[%emt 0:00:04]} c4 {[%emt 0:01:35]} 11. Qc2 {[%emt 0:
00:28]} Ne4 {[%emt 0:11:02]} 12. Rac1 {[%emt 0:00:33]} Nb6 {[%emt 0:04:05]} 13.
Bf4 {[%emt 0:02:28]} O-O {[%emt 0:05:13]} 14. Ne5 {[%emt 0:01:53]} g5 {[%emt 0:
14:06]} (14... Re8 15. f3 Nd6 16. e4 Be6 17. Ng4 Nb5 18. Ne3 Rad8 19. Bg3 Qa3
20. Qd2 f6 21. e5 fxe5 22. Bxe5 Nd7 23. f4 Nxe5 24. fxe5 Rf8 25. Rxf8+ Rxf8 26.
Bf3 Nc7 27. Rb1 b5 28. Qb2 Qxb2 29. Rxb2 a5 30. a4 Rb8 31. axb5 Rxb5 32. Ra2
Kf8 33. Kf2 Ke7 34. Ke1 Na8 35. Nxc4 dxc4 36. Bxa8 Kd7 37. Be4 g6 38. Kd2 Bf5
39. Bxf5+ gxf5 40. Kc2 Kc6 41. Rb2 Rd5 42. Rb8 a4 43. Ra8 Rb5 44. Rxa4 {
Ding,L (2679)-Hou,Y (2623) Danzhou 2012 1-0}) 15. f3 {[%emt 0:08:24]} Nxc3 {
[%emt 0:00:44]} 16. Bxg5 {[%emt 0:00:17]} Nxe2+ {[%emt 0:00:29]} 17. Qxe2 {
[%emt 0:00:03]} f6 {[%emt 0:00:21]} 18. Bh6 {[%emt 0:00:22]} fxe5 {[%emt 0:00:
34]} 19. Bxf8 {[%emt 0:00:32]} Kxf8 {[%emt 0:00:06]} 20. f4 {[%emt 0:00:52]} e4
$146 {[%emt 0:12:42]} (20... exd4 21. f5 Qc5 22. f6 d3 23. Qh5 Qxe3+ 24. Kh1 d2
25. Rc3 d1=Q 26. Rxd1 Qxc3 27. Qh6+ Kf7 28. Qg7+ Ke6 29. Qe7+ Kf5 30. Rf1+ Kg4
31. Qg7+ Kh5 32. Qxh7+ {1-0 (32) Shimanov,A (2596)-Wei,Y (2418) Athens 2012})
21. Qh5 {[%emt 0:26:37] Dzagnidze sacrificed two pieces for a rook in a
topical line of the Ragozin. The Georgian came with excellent preparation, and
Kosintseva was simply not able to find the most accurate defenses in such a
complicated position. It is possible that the entire line is bad for black,
but only time will tell on that one. Today it was a beautiful example of home
preparation paying off.} Qa3 {[%emt 0:09:08]} 22. f5 {[%emt 0:11:23]} Qxe3+ {
[%emt 0:25:09]} 23. Kh1 {[%emt 0:00:06]} h6 {[%emt 0:01:50]} 24. Qg6 {[%emt 0:
08:50]} Qg5 {[%emt 0:07:10]} 25. Qd6+ {[%emt 0:00:08]} Kf7 $2 {[%emt 0:02:04]}
(25... Qe7) 26. f6 {[%emt 0:09:50]} Bd7 {[%emt 0:00:05]} 27. Rc3 {[%emt 0:04:
45]} Re8 {[%emt 0:01:11]} 28. Rg3 {[%emt 0:00:03]} Bg4 {[%emt 0:00:40]} 29. h3
{[%emt 0:00:37]} h5 {[%emt 0:00:42]} 30. Qc7+ {[%emt 0:02:56]} Ke6 {[%emt 0:00:
22]} 31. hxg4 {[%emt 0:03:07]} hxg4 {[%emt 0:00:13]} 32. Kg1 {[%emt 0:02:47]}
Qd2 {[%emt 0:00:34]} 33. Qe5+ {[%emt 0:05:28]} Kd7 {[%emt 0:00:28]} 34. f7 {
[%emt 0:01:18]} Rf8 {[%emt 0:00:56]} 35. Qg7 {[%emt 0:01:20]} Ke7 {[%emt 0:00:
29]} 36. Qf6+ {[%emt 0:02:06]} Kd7 {[%emt 0:00:03]} 37. Rxg4 {[%emt 0:00:22]}
Qe3+ {[%emt 0:00:45]} 38. Kh2 {[%emt 0:00:41]} Qa3 {[%emt 0:00:41]} 39. Rg8 {
[%emt 0:00:31]} 1-0

[Event "FRA-chTa"]
[Site "France"]
[Date "1998.11.??"]
[Round "?"]
[White "Chuchelov, Vladimir"]
[Black "Landenbergue, Claude"]
[Result "1/2-1/2"]
[WhiteElo "2540"]
[BlackElo "2415"]
[Annotator "Chuchelov,V"]
[PlyCount "92"]
[EventDate "1998.??.??"]
[EventType "team"]
[EventRounds "5"]
[EventCountry "FRA"]
[SourceTitle "CBM 068"]
[Source "ChessBase"]
[SourceDate "1999.02.01"]
[SourceVersion "1"]
[SourceVersionDate "1999.02.01"]
[SourceQuality "1"]

1. Nf3 d5 2. d4 Nf6 3. c4 e6 4. Nc3 Bb4 5. cxd5 exd5 6. Bg5 Nbd7 7. Qc2 c5 8.
dxc5 Qa5 9. Bd2 O-O 10. e3 (10. a3 Bxc3 11. Bxc3 Qxc5 12. b4 Qe7 13. Qb2 Ne8
14. e3 Nb6 15. Bd4 Bf5 16. Be2 Rc8 {Wagner,C-Orlov,V/St.Petersburg-Paris 1996/
1/2-1/2 (47)}) 10... Re8 (10... Qxc5 11. a3 Bxc3 12. Bxc3 Ne4 13. Rc1 Re8 14.
Bd3 Qd6 15. O-O Ndf6 16. h3 Bd7 17. Bd4 Rac8 18. Qb3 b6 19. Qb4 $1 Qb8 20. Ba6
Rcd8 21. a4 $36 {1-0 Chuchelov,V-Stockfleth,R/Hamburg 1993/EXT 93op (40)}) 11.
a3 Bxc3 12. Bxc3 Qxc5 13. Bd3 Ne4 14. Bd4 Qxc2 15. Bxc2 $14 Nb8 $1 16. b4 Nc6
17. Bb2 Bg4 18. h3 $1 Be6 (18... Bxf3 19. gxf3 Ng5 20. O-O-O Nxf3 21. Rxd5) (
18... Bf5 19. Bb3 Be6 20. O-O) 19. O-O Rec8 20. Bd3 h6 21. Rfd1 Nd6 22. Be2 $1
Nc4 23. Bc3 a6 24. a4 $1 b5 25. Nd4 Na7 $5 (25... Nxd4 26. Bxd4 Bd7 (26... a5
27. axb5 axb4 28. Rxa8 Rxa8 29. Rb1) 27. Bf3 Be6 28. Ra2 $16) 26. Nxe6 (26. e4
$1 Nd6 27. exd5 Bxd5 28. Bb2 $14) 26... fxe6 27. Bg4 Re8 $1 (27... Kf7 28. e4
Nd6 29. Bd4 Nxe4 30. Bxa7 Rxa7 31. axb5 Rca8 32. f3 Nd6 33. Re1 $16) 28. e4
bxa4 $8 29. Rxa4 (29. exd5 Nb5 30. Rac1 exd5) 29... Nb5 30. Ba1 Nb6 (30... dxe4
31. Ra2 e3 $140 32. Rd7) 31. Ra2 dxe4 32. Re2 Nd5 $11 33. Bxe6+ Rxe6 34. Rxd5
Rae8 $6 $138 (34... Rc8 $142 $11) 35. Re3 $1 R8e7 36. g4 Nd6 37. Bd4 (37. Rc5
$5 $14) 37... Nc4 38. Rc3 e3 $2 39. Rxc4 $138 (39. fxe3 $1 $16 Nxe3 $140 40.
Rd8+ Kf7 (40... Kh7 41. Bc5) 41. Bc5 Rc7 42. Rf8+ $1 (42. Rxe3 Rxc5 $1) 42...
Kg6 43. Rxe3 Rxc5 44. Rxe6+) 39... e2 40. Bc3 e1=Q+ 41. Bxe1 Rxe1+ 42. Kg2 R1e4
43. Rc8+ Re8 44. Rc6 R4e6 45. Rc3 (45. Rxe6 Rxe6 46. Rd4 Rb6 47. Kg3 Rb5 48. f4
a5 49. bxa5 Rxa5 50. f5 Ra7 51. Kh4 Kh7 52. Kh5 Rb7 53. h4 Ra7 54. g5 hxg5 55.
hxg5 g6+ 56. fxg6+ Kg7 $11) 45... Re4 46. Kf3 $2 Rxb4 1/2-1/2

[Event "Sitges Sunway op 3rd"]
[Site "Sitges"]
[Date "2016.12.22"]
[Round "8"]
[White "Edouard, Romain"]
[Black "Vocaturo, Daniele"]
[Result "1-0"]
[WhiteElo "2611"]
[BlackElo "2606"]
[Annotator "Dahale,Atul"]
[PlyCount "91"]
[EventDate "2016.12.16"]
[EventType "swiss"]
[EventRounds "9"]
[EventCountry "ESP"]
[SourceTitle "EXT 2019"]
[Source "ChessBase"]
[SourceDate "2018.10.10"]
[SourceVersion "1"]
[SourceVersionDate "2018.10.10"]
[SourceQuality "1"]

1. d4 {[%emt 0:01:35]} Nf6 {[%emt 0:00:27]} 2. c4 {[%emt 0:00:04]} e6 {[%emt 0:
00:32]} 3. Nc3 {[%emt 0:00:14]} Bb4 {[%emt 0:00:32]} 4. Nf3 {[%emt 0:00:04]} d5
{[%emt 0:01:02]} 5. cxd5 {[%emt 0:01:18]} exd5 {[%emt 0:00:09]} 6. Bg5 {
[%emt 0:00:13]} Nbd7 {[%emt 0:01:16]} 7. Qc2 {[%emt 0:00:37]} h6 {[%emt 0:01:
50]} 8. Bh4 {[%emt 0:00:08]} g5 $5 {[%emt 0:00:21] Interesting decision..} (
8... c5 9. e3 O-O 10. Bd3 {would have been quite natural.}) 9. Bg3 {[%emt 0:00:
05]} Ne4 {[%emt 0:00:32]} 10. Nd2 {[%emt 0:01:02]} Nxg3 {[%emt 0:00:44]} 11.
hxg3 {[%emt 0:00:06]} Nb6 {[%emt 0:00:49]} 12. e3 {[%emt 0:01:13] White's pawn
structure in center is solid although Black has two bishop it won't favour him
much as the position is not that open yet! White's rook is eyeing on h6!
overall I will prefer playing with white here.} c6 {[%emt 0:04:36]} 13. Bd3 {
[%emt 0:01:21]} Be6 {[%emt 0:03:56]} 14. Kf1 {[%emt 0:08:12] White is not
casteling, he will keep his king in the center where it is actually quite safe!
} Qf6 {[%emt 0:03:31]} 15. a3 {[%emt 0:04:30]} Bd6 {[%emt 0:02:47]} 16. Ne2 {
[%emt 0:00:05]} O-O-O {[%emt 0:10:38] Black has decided to castle long, he
wants to bring his all pieces on kingside and attack White's king, but this is
not so easy as White is also ready to attack on queenside quite fast. Now it
depends on who will be able to destroy opponent's shield first.} 17. b4 {
[%emt 0:13:05] Starting the pawn storm.} Kb8 {[%emt 0:01:34]} 18. Rb1 {[%emt 0:
11:48]} h5 {[%emt 0:14:09] Black is also not going to sit idel.} 19. a4 {
[%emt 0:02:55] typical!} Rc8 {[%emt 0:11:54]} 20. a5 {[%emt 0:05:35]} Nd7 {
[%emt 0:00:13] When you can't break through on the wing you need to break into
the center and activate your pieces! White's pieces need some space to breath!}
21. e4 $1 {[%emt 0:07:44]} dxe4 {[%emt 0:09:06]} 22. Nxe4 {[%emt 0:00:02]} Qe7
{[%emt 0:00:03]} 23. Qd2 {[%emt 0:00:13]} f6 {[%emt 0:03:32]} 24. Nc5 {[%emt 0:
01:42]} Bg4 {[%emt 0:10:07]} 25. f3 {[%emt 0:03:40]} Be6 {[%emt 0:00:04]} 26.
Qe3 {[%emt 0:01:03]} Bxc5 $2 {[%emt 0:02:24] After this White will have clear
target i.e. b7. White will pile up his rooks on b-file and it will be
difficult to defend the weaknesses around Black's king.} (26... Rce8) 27. bxc5
{[%emt 0:00:18]} Qf7 {[%emt 0:01:26]} 28. Rb4 {[%emt 0:12:29]} Rhe8 {[%emt 0:
03:01]} 29. Qd2 {[%emt 0:01:15]} Ka8 {[%emt 0:04:20]} 30. Kf2 {[%emt 0:02:05]
Slowly bringing the rook in the game.} a6 {[%emt 0:03:07] This move has
created additional weakness... now White has another target on a6. And the
bishop on d3 is idealy placed !} 31. Nc3 {[%emt 0:09:28]} Bd5 {[%emt 0:00:15]}
32. Rhb1 {[%emt 0:04:12] All White's pieces are playing!! Black couldn't creat
any counter play.} Rc7 {[%emt 0:00:06]} 33. Nxd5 {[%emt 0:02:32]} cxd5 {
[%emt 0:00:53]} 34. c6 $1 {[%emt 0:01:56] Typical destructive move... you need
to break the base of pawnchain!} bxc6 {[%emt 0:00:05]} 35. Bxa6 {[%emt 0:00:38]
} Nb8 {[%emt 0:02:58]} 36. Rb6 {[%emt 0:03:44]} Ka7 {[%emt 0:04:28]} 37. Rb7+ {
[%emt 0:00:39]} (37. Qb2 {would have been a quick finish.}) 37... Ka8 {[%emt 0:
00:04]} 38. R7b6 {[%emt 0:00:17]} Qh7 {[%emt 0:00:49]} 39. Bb7+ {[%emt 0:00:43]
} Ka7 {[%emt 0:00:06]} 40. Qc3 {[%emt 0:00:00] Complete dominance.} h4 {
[%emt 0:00:00] It's too late.} 41. g4 {[%emt 0:00:00]} Rce7 {[%emt 0:00:00]}
42. Qc5 {[%emt 0:00:00]} Re2+ {[%emt 0:00:00]} 43. Kg1 {[%emt 0:00:00]} Re1+ {
[%emt 0:00:00]} 44. Rxe1 {[%emt 0:00:00]} Rxe1+ {[%emt 0:00:00]} 45. Kf2 {
[%emt 0:00:00]} Nd7 {[%emt 0:00:00]} 46. Ra6+ {[%emt 0:00:00] Dominating game
by Edouard!} 1-0